Fun for movers Student's book
SECOND EDITION of the full-colour Cambridge Young Learners Test preparation activities for each level of the test (Starters, Movers, Flyers).
Bewaard in:
| Hoofdauteur: | |
|---|---|
| Coauteur: | |
| Andere auteurs: | |
| Taal: | Undetermined English |
| Gepubliceerd in: |
Cambridge
Cambridge University Press
2010
|
| Onderwerpen: | |
| Tags: |
Voeg label toe
Geen labels, Wees de eerste die dit record labelt!
|
| Thư viện lưu trữ: | Trung tâm Học liệu Trường Đại học Trà Vinh |
|---|
| LEADER | 00840nam a2200277Ia 4500 | ||
|---|---|---|---|
| 001 | TVU_26501 | ||
| 008 | 210423s9999 xx 000 0 und d | ||
| 020 | |a 9787777108542 | ||
| 041 | |a eng | ||
| 082 | |a 428.34 | ||
| 082 | |b R658 | ||
| 100 | |a Robinson, Anne | ||
| 245 | 0 | |a Fun for movers | |
| 245 | 0 | |b Student's book | |
| 245 | 0 | |c Anne Robinson, Karen Saxby | |
| 260 | |a Cambridge | ||
| 260 | |b Cambridge University Press | ||
| 260 | |c 2010 | ||
| 300 | |a 64 p. | ||
| 300 | |b ill. | ||
| 300 | |c 27 cm | ||
| 520 | |a SECOND EDITION of the full-colour Cambridge Young Learners Test preparation activities for each level of the test (Starters, Movers, Flyers). | ||
| 650 | |a English language; English language | ||
| 700 | |a Anne Robinson; Karen Saxby | ||
| 710 | |a Saxby, Karen | ||
| 980 | |a Trung tâm Học liệu Trường Đại học Trà Vinh | ||


